000 00747nam a2200241 i 4500
001 15679
003 ES-MaACL
005 20230906151128.0
007 t|
008 000504s1992 sp ||||1| spa d
020 _a84-7100-598-0
040 _aZA-BP
080 _a9(=088:8=60)"15/17"
100 1 _aOlaechea Labayen, Juan B.
_986638
245 1 3 _aEl mestizaje como gesta /
_cJuan B. Olaechea Labayen.
260 _aMadrid :
_bMAPFRE,
_cD.L. 1992.
300 _a316 p., [1] h. ;
_c23 cm.
490 1 _aColección Realidades americanas. 16
650 1 4 _aMestizaje-
_zAmérica española-
_yS.XVI-XVIII.
_915007
830 0 _aColección Realidades americanas. 16
_9228599
852 _aES-MaACL
_jL-23014
_bR.124256
999 _c15679
_d15679